Landslides: Global Risk Preparedness

This book presents the global landslide risk preparedness implemented through the International Programme on Landslides (IPL). IPL was initiated by the International Consortium on Landslides (ICL) in 2002, and developed to a joint international programme by the IPL Global Promotion Committee (UNESCO...

Full description

Bibliographic Details
Corporate Author: SpringerLink (Online service)
Other Authors: Sassa, Kyoji (Editor), Rouhban, Badaoui (Editor), Briceño, Sálvano (Editor), McSaveney, Mauri (Editor), He, Bin (Editor)
Format: Electronic eBook
Language:English
Published: Berlin, Heidelberg : Springer Berlin Heidelberg : Imprint: Springer, 2013.
Subjects:
Online Access:Full Text via HEAL-Link
LEADER 02770nam a22005175i 4500
001 978-3-642-22087-6
003 DE-He213
005 20151125201937.0
007 cr nn 008mamaa
008 120830s2013 gw | s |||| 0|eng d
020 |a 9783642220876  |9 978-3-642-22087-6 
024 7 |a 10.1007/978-3-642-22087-6  |2 doi 
040 |d GrThAP 
050 4 |a TA703-705.4 
072 7 |a RB  |2 bicssc 
072 7 |a SCI019000  |2 bisacsh 
082 0 4 |a 624.151  |2 23 
245 1 0 |a Landslides: Global Risk Preparedness  |h [electronic resource] /  |c edited by Kyoji Sassa, Badaoui Rouhban, Sálvano Briceño, Mauri McSaveney, Bin He. 
264 1 |a Berlin, Heidelberg :  |b Springer Berlin Heidelberg :  |b Imprint: Springer,  |c 2013. 
300 |a XVI, 387 p. 293 illus. in color.  |b online resource. 
336 |a text  |b txt  |2 rdacontent 
337 |a computer  |b c  |2 rdamedia 
338 |a online resource  |b cr  |2 rdacarrier 
347 |a text file  |b PDF  |2 rda 
505 0 |a IPL Programme -- Joint Coordinating Projects -- Projects by World Centres of Excellence -- Risk Assessment Technology -- Risk Management and Capacity Development. 
520 |a This book presents the global landslide risk preparedness implemented through the International Programme on Landslides (IPL). IPL was initiated by the International Consortium on Landslides (ICL) in 2002, and developed to a joint international programme by the IPL Global Promotion Committee (UNESCO, WMO, FAO, UNISDR, UNU, ICSU and WFEO as well as ICL) through the 2006 Tokyo Action Plan. The materials consists of four parts: Outline of the International Programme on Landslides & IPL Global Promotion Committee; Achievements of major IPL projects in research and capacity building; World Centres of Excellence on Landslide Risk Reduction (WCoEs) and Landslide School Network; Key documents of IPL and ICL including Tokyo Action Plan, Application of ICL, IPL Projects, WCoEs and Landslide School Network. 
650 0 |a Earth sciences. 
650 0 |a Natural disasters. 
650 0 |a Geotechnical engineering. 
650 0 |a Geoecology. 
650 0 |a Environmental geology. 
650 1 4 |a Earth Sciences. 
650 2 4 |a Geotechnical Engineering & Applied Earth Sciences. 
650 2 4 |a Natural Hazards. 
650 2 4 |a Geoecology/Natural Processes. 
700 1 |a Sassa, Kyoji.  |e editor. 
700 1 |a Rouhban, Badaoui.  |e editor. 
700 1 |a Briceño, Sálvano.  |e editor. 
700 1 |a McSaveney, Mauri.  |e editor. 
700 1 |a He, Bin.  |e editor. 
710 2 |a SpringerLink (Online service) 
773 0 |t Springer eBooks 
776 0 8 |i Printed edition:  |z 9783642220869 
856 4 0 |u http://dx.doi.org/10.1007/978-3-642-22087-6  |z Full Text via HEAL-Link 
912 |a ZDB-2-EES 
950 |a Earth and Environmental Science (Springer-11646)